| 000 | 00512nam a2200193 a 4500 | ||
|---|---|---|---|
| 001 | 3237 | ||
| 003 | CDMR | ||
| 005 | 20131129130733.0 | ||
| 008 | 130130s1977||||||||||||||||||||||||||||d | ||
| 020 | _a8425206502 | ||
| 040 |
_aCDMR _bcat _cCDMR |
||
| 100 | 1 |
_aBettetini, Gianfranco _91469 |
|
| 245 | 1 | 0 |
_aProducción significante y puesta en escena _cGianfranco Bettetini |
| 260 |
_aBarcelona _c1977 _bGustavo Gili |
||
| 300 | _a156 p. | ||
| 490 | 0 | _aPunto y Línea | |
| 650 | 0 | 4 |
_91282 _aSemiòtica |
| 942 |
_cMON _2udc |
||
| 999 |
_c3237 _d3237 |
||